[Event "CYCC U10"]
[Site "Quebec CAN"]
[Date "2018.07.04"]
[Round "5.130"]
[White "Dufresne, Christophe"]
[Black "Huang, Ivan"]
[Result "0-1"]
[WhiteElo "1291"]
[BlackElo "696"]
[PlyCount "110"]
[EventDate "2018.07.02"]
[EventType "swiss"]
[EventRounds "7"]
[EventCountry "CAN"]

1. e4 e5 2. Nf3 Nc6 3. Bc4 Bc5 4. d3 Nf6 5. Bg5 h6 6. Bh4 d6 7. h3 Be6 8. Bb3
g5 9. Bg3 Qd7 10. Qd2 O-O-O 11. Nc3 Rhg8 12. O-O-O Bxb3 13. cxb3 Nd4 14. Nxd4
exd4 15. Ne2 Qc6 16. Kb1 Qb6 17. Rc1 Rge8 18. Rhf1 a6 19. f4 gxf4 20. Bxf4 h5
21. Bg5 Nxe4 22. dxe4 Rd7 23. Ng3 d5 24. exd5 Rxd5 25. Rxf7 Qg6+ 26. Ka1 Qxf7
27. Bh4 d3 28. Rc3 Bb4 29. a3 Bxc3 30. bxc3 Rd7 31. Kb2 Rf8 32. Ne4 Qf4 33.
Qxf4 Rxf4 34. Nd2 Rxh4 35. c4 Rf4 36. Kc3 Rf2 37. b4 Rxg2 38. a4 Rh2 39. c5
Rxh3 40. b5 axb5 41. axb5 Rg3 42. c6 bxc6 43. bxc6 Rd6 44. Kb2 Rxc6 45. Kb3 h4
46. Kb2 h3 47. Kb3 h2 48. Kb2 h1=Q 49. Kb3 Rc2 50. Nc4 d2+ 51. Kb4 d1=Q 52. Kb5
Rxc4 53. Kxc4 Qc2+ 54. Kb4 Qhb1+ 55. Ka5 Qca2# 0-1

[Event "CYCC U10"]
[Site "Quebec CAN"]
[Date "2018.07.04"]
[Round "5.131"]
[White "Mak, Logan Jason"]
[Black "Chen, Daniel"]
[Result "1-0"]
[WhiteElo "652"]
[BlackElo "1019"]
[PlyCount "145"]
[EventDate "2018.07.02"]
[EventType "swiss"]
[EventRounds "7"]
[EventCountry "CAN"]

1. f4 e5 2. fxe5 Bc5 3. Nf3 b6 4. e3 Bb7 5. Bc4 h6 6. d4 Be7 7. Nc3 d6 8. O-O
d5 9. Bb3 c5 10. dxc5 Bxc5 11. Nxd5 Ne7 12. Nc3 Qxd1 13. Rxd1 O-O 14. Bd2 Nbc6
15. Ne4 Bb4 16. Bxb4 Nxb4 17. a3 Nbc6 18. Nc3 Rad8 19. Nb5 Rxd1+ 20. Rxd1 Rd8
21. Rxd8+ Nxd8 22. Nd6 Bxf3 23. gxf3 Kf8 24. f4 g6 25. h4 Nf5 26. Nxf5 gxf5 27.
Kf2 Ke7 28. Kf3 Kd7 29. e4 fxe4+ 30. Kxe4 Kc6 31. Kf5 Kc5 32. e6 fxe6+ 33. Bxe6
a5 34. Kg6 Nxe6 35. Kxh6 Nxf4 36. h5 Nxh5 37. Kxh5 b5 38. Kg4 b4 39. Kf3 bxa3
40. bxa3 Kc4 41. Ke2 Kc3 42. Kd1 a4 43. Kc1 Kc4 44. Kb2 Kd4 45. c3+ Kc4 46. Kc2
Kb5 47. Kd3 Kc5 48. c4 Kb6 49. Kd4 Kc6 50. c5 Kb7 51. Kd5 Kc7 52. c6 Kc8 53.
Kc5 Kc7 54. Kb5 Kb8 55. Kxa4 Kc7 56. Kb5 Kd8 57. Kb6 Kc8 58. c7 Kd7 59. Kb7 Kd6
60. c8=Q Kd5 61. Qc6+ Ke5 62. Kb6 Kd4 63. Qd6+ Kc4 64. Qe5 Kd3 65. Qf4 Kc3 66.
Kc5 Kd3 67. Qg4 Ke3 68. Kd5 Kd3 69. Qf3+ Kd2 70. Kc4 Ke1 71. Qg2 Kd1 72. Kd3
Kc1 73. Qc2# 1-0

[Event "CYCC U10"]
[Site "Quebec CAN"]
[Date "2018.07.04"]
[Round "5.134"]
[White "Lin, Brenton"]
[Black "Zeng, Gordon"]
[Result "1-0"]
[WhiteElo "822"]
[BlackElo "519"]
[PlyCount "71"]
[EventDate "2018.07.02"]
[EventType "swiss"]
[EventRounds "7"]
[EventCountry "CAN"]

1. c4 e5 2. d3 Nf6 3. Nc3 Nc6 4. g3 Bb4 5. Bd2 d6 6. Bg2 Ng4 7. Nf3 Qf6 8. O-O
Qf5 9. Nh4 Qh5 10. e4 Ne7 11. h3 Ng6 12. Nxg6 Qxg6 13. hxg4 Bxg4 14. Qa4+ c6
15. Qxb4 O-O 16. Qb3 Rae8 17. Qxb7 Re6 18. Qxa7 Qh5 19. Qc7 d5 20. exd5 h6 21.
dxe6 fxe6 22. Qxc6 Bh3 23. a4 Bxg2 24. Qxe6+ Kh7 25. Kxg2 Qf3+ 26. Kh2 Rf5 27.
Qxf5+ Qxf5 28. Kg2 h5 29. a5 Qg4 30. a6 h4 31. a7 h3+ 32. Kh2 g5 33. a8=Q Qh5
34. Nd5 Qf3 35. Nf6+ Kh6 36. Qxf3 1-0

[Event "CYCC U10"]
[Site "Quebec CAN"]
[Date "2018.07.05"]
[Round "5.138"]
[White "Zeng, Gordon"]
[Black "Power, Colin"]
[Result "1-0"]
[WhiteElo "519"]
[BlackElo "802"]
[PlyCount "27"]
[EventDate "2018.07.02"]
[EventType "swiss"]
[EventRounds "7"]
[EventCountry "CAN"]

1. e4 e5 2. Nf3 Nc6 3. Bc4 Nf6 4. Nc3 Bc5 5. d3 O-O 6. Bg5 d6 7. Nd5 Bg4 8.
Nxf6+ gxf6 9. Bh6 Re8 10. h3 Bxf3 11. Qxf3 Bb4+ 12. c3 Nd4 13. Qg3+ Kh8 14.
Qg7# 1-0

[Event "CYCC U10"]
[Site "Quebec CAN"]
[Date "2018.07.04"]
[Round "5.139"]
[White "Boucher, Samuel"]
[Black "Power, Colin"]
[Result "0-1"]
[WhiteElo "979"]
[BlackElo "802"]
[PlyCount "26"]
[EventDate "2018.07.02"]
[EventType "swiss"]
[EventRounds "7"]
[EventCountry "CAN"]

1. e4 e5 2. Nf3 Nc6 3. Bb5 Nf6 4. Nc3 Bb4 5. a3 Bxc3 6. dxc3 Nxe4 7. Bxc6 bxc6
8. Nxe5 O-O 9. O-O c5 10. Re1 d6 11. Rxe4 dxe5 12. Rxe5 Qxd1+ 13. Re1 Qxe1# 0-1

[Event "CYCC U10"]
[Site "Quebec CAN"]
[Date "2018.07.04"]
[Round "5.105"]
[White "Zhong, Kevin"]
[Black "Xu, Daniel"]
[Result "1/2-1/2"]
[WhiteElo "2072"]
[BlackElo "2083"]
[PlyCount "58"]
[EventDate "2018.07.02"]
[EventType "swiss"]
[EventRounds "7"]
[EventCountry "CAN"]

1. e4 e5 2. Nf3 Nc6 3. Bc4 Bc5 4. c3 Nf6 5. d3 d6 6. Bb3 Bb6 7. O-O h6 8. Re1
O-O 9. Nbd2 Ne7 10. Nc4 Ng6 11. Nxb6 axb6 12. d4 Qe7 13. h3 Be6 14. Bc2 Rfd8
15. d5 Bd7 16. Nh2 c5 17. g4 Nh7 18. Qf3 Nh4 19. Qg3 g5 20. Nf1 Qf6 21. Bd1 Nf8
22. Ne3 Nfg6 23. Nf5 Kh7 24. Nxh4 Nxh4 25. f3 Kg7 26. Kf2 Rh8 27. Rg1 Ng6 28.
Be2 Qd8 29. Be3 f6 1/2-1/2

[Event "CYCC U10"]
[Site "Quebec CAN"]
[Date "2018.07.04"]
[Round "5.107"]
[White "Chandra, Anand Rishi"]
[Black "Qin, Vincent"]
[Result "1-0"]
[WhiteElo "2101"]
[BlackElo "1639"]
[PlyCount "91"]
[EventDate "2018.07.02"]
[EventType "swiss"]
[EventRounds "7"]
[EventCountry "CAN"]

1. e4 e5 2. Nf3 Nc6 3. Bc4 Bc5 4. c3 Nf6 5. d3 d6 6. Nbd2 O-O 7. O-O a6 8. Bb3
b5 9. h3 Bb7 10. Re1 Re8 11. Nf1 d5 12. d4 exd4 13. e5 Ne4 14. cxd4 Bb6 15. Bc2
Nb4 16. Bb1 c5 17. a3 Nc6 18. Bxe4 dxe4 19. Ng5 Nxd4 20. Qh5 h6 21. Qxf7+ Kh8
22. Qxb7 hxg5 23. Qxe4 Bc7 24. f4 Kg8 25. Be3 Nc6 26. Rad1 Qe7 27. g3 Rad8 28.
Rxd8 Bxd8 29. Nh2 gxf4 30. gxf4 Qh4 31. Nf3 Qg3+ 32. Kh1 Qxh3+ 33. Nh2 Bh4 34.
Rg1 Bg3 35. Rg2 Rd8 36. Qf3 Qf5 37. Rxg3 Rd3 38. Nf1 Nd4 39. Qg2 Ne6 40. Kh2
Qh5+ 41. Rh3 Qf5 42. Rg3 Qh5+ 43. Qh3 Qf7 44. f5 Nd8 45. f6 g6 46. Qh6 1-0

[Event "CYCC U10"]
[Site "Quebec CAN"]
[Date "2018.07.04"]
[Round "5.108"]
[White "Ning, Eric"]
[Black "Chen, Andrew"]
[Result "1-0"]
[WhiteElo "2013"]
[BlackElo "1367"]
[PlyCount "55"]
[EventDate "2018.07.02"]
[EventType "swiss"]
[EventRounds "7"]
[EventCountry "CAN"]

1. d4 Nf6 2. c4 e6 3. Nf3 d5 4. Nc3 c5 5. cxd5 exd5 6. g3 b6 7. Bg2 Bb7 8. O-O
Bd6 9. Nb5 Be7 10. Bf4 Na6 11. Ne5 O-O 12. a4 h6 13. a5 g5 14. Be3 Nc7 15. Nxc7
Qxc7 16. Qa4 Bd6 17. f4 Rfe8 18. fxg5 cxd4 19. gxf6 Bxe5 20. Bxd4 Bc6 21. Qd1
bxa5 22. e3 Qd7 23. Qh5 Bxd4 24. exd4 Kh7 25. Bh3 Qd6 26. Bf5+ Kg8 27. Qg4+ Kf8
28. Qg7# 1-0

[Event "CYCC U10"]
[Site "Quebec CAN"]
[Date "2018.07.04"]
[Round "5.109"]
[White "Locham, Divjot"]
[Black "Yuen, Noah"]
[Result "1/2-1/2"]
[WhiteElo "1373"]
[BlackElo "1594"]
[PlyCount "107"]
[EventDate "2018.07.02"]
[EventType "swiss"]
[EventRounds "7"]
[EventCountry "CAN"]

1. e4 c5 2. d4 cxd4 3. c3 Nf6 4. e5 Nd5 5. cxd4 Nc6 6. Nf3 e6 7. Be2 d6 8. exd6
Bxd6 9. O-O O-O 10. Nc3 Nb6 11. Be3 a6 12. a3 h6 13. Rc1 Bc7 14. b4 Qe7 15. Qc2
Rd8 16. Rfd1 Nd5 17. Nxd5 Rxd5 18. Bc4 Rd8 19. d5 exd5 20. Bxd5 Bd7 21. Qb3 Be6
22. Bxe6 Qxe6 23. Qxe6 fxe6 24. h3 Rxd1+ 25. Rxd1 Rd8 26. Rxd8+ Bxd8 27. Kf1
Bf6 28. Bc1 b5 29. Ke2 Kf7 30. Kd3 Ke7 31. Ke4 Kd7 32. Kd3 Ne5+ 33. Nxe5+ Bxe5
34. f3 Kc6 35. Ke4 Ba1 36. f4 Kd6 37. g4 Kd7 38. Kd3 Kc6 39. Ke4 Kd6 40. f5
exf5+ 41. gxf5 Kc6 42. Be3 Bb2 43. Bd4 Bxa3 44. Bxg7 Bxb4 45. Bxh6 Bc3 46. Bg5
Kd6 47. h4 b4 48. Kd3 Ke5 49. f6 Ke6 50. Kc4 a5 51. Kb5 Bxf6 52. Kxa5 Bc3 53.
Ka4 Kd5 54. Be7 1/2-1/2

[Event "CYCC U10"]
[Site "Quebec CAN"]
[Date "2018.07.04"]
[Round "5.110"]
[White "Darvekar, Yash"]
[Black "Ma, Andrew"]
[Result "0-1"]
[WhiteElo "1457"]
[BlackElo "1575"]
[PlyCount "66"]
[EventDate "2018.07.02"]
[EventType "swiss"]
[EventRounds "7"]
[EventCountry "CAN"]

1. e4 c5 2. Nf3 d6 3. c3 Nf6 4. Be2 e6 5. O-O Be7 6. d3 O-O 7. Nbd2 Nc6 8. d4
cxd4 9. cxd4 b6 10. Re1 Bb7 11. e5 dxe5 12. dxe5 Nd5 13. Ne4 Qc7 14. Bd3 Rfd8
15. Qe2 Nxe5 16. Nxe5 Qxe5 17. Qg4 Nf6 18. Nxf6+ Qxf6 19. Qh3 Qh4 20. Qxh4 Bxh4
21. Be2 Rac8 22. Be3 Rc2 23. Rac1 Rxb2 24. Rc7 Rxe2 25. Rec1 Bd5 26. Rc8 Re1+
27. Rxe1 Rxc8 28. Re2 f5 29. h3 Kf7 30. Kh2 Ke7 31. g3 Bf6 32. g4 Bf3 33. Rd2
fxg4 0-1

[Event "CYCC U10"]
[Site "Quebec CAN"]
[Date "2018.07.04"]
[Round "5.111"]
[White "Huang, Richard"]
[Black "Han, Jonathan"]
[Result "1/2-1/2"]
[WhiteElo "1237"]
[BlackElo "1566"]
[PlyCount "69"]
[EventDate "2018.07.02"]
[EventType "swiss"]
[EventRounds "7"]
[EventCountry "CAN"]

1. e4 c5 2. c3 d5 3. exd5 Qxd5 4. d4 Nc6 5. dxc5 Qxc5 6. Be3 Qe5 7. Nf3 Qc7 8.
Nbd2 Nf6 9. Bc4 e6 10. O-O Be7 11. Qe2 O-O 12. Bb3 Rd8 13. Rfd1 b6 14. Nf1 Bb7
15. Bc2 Na5 16. Bd4 Nc4 17. b3 Nd6 18. Ng3 Bxf3 19. Qxf3 Nb5 20. c4 Nxd4 21.
Rxd4 Rxd4 22. Qxa8+ Rd8 23. Qf3 Rd2 24. Bd3 Qd7 25. Rd1 Rxd1+ 26. Qxd1 Bc5 27.
Be2 Qxd1+ 28. Bxd1 Kf8 29. Kf1 Ke7 30. Ke2 e5 31. Nf5+ Kf8 32. f3 Nh5 33. Bc2
Nf4+ 34. Kf1 g6 35. g3 1/2-1/2

[Event "CYCC U10"]
[Site "Quebec CAN"]
[Date "2018.07.04"]
[Round "5.112"]
[White "Latorre, Vincent"]
[Black "Bocan, Richard"]
[Result "1/2-1/2"]
[WhiteElo "1513"]
[BlackElo "1298"]
[PlyCount "52"]
[EventDate "2018.07.02"]
[EventType "swiss"]
[EventRounds "7"]
[EventCountry "CAN"]

1. e4 c6 2. d4 d5 3. e5 Bf5 4. h4 h5 5. c4 e6 6. Nc3 Nd7 7. Nf3 Ne7 8. Bg5 Qb6
9. Qd2 Ng6 10. Rc1 a6 11. Bd3 Bxd3 12. Qxd3 Be7 13. Bxe7 Nxe7 14. Ng5 g6 15. a3
Nf5 16. c5 Qd8 17. g3 b6 18. b4 b5 19. O-O a5 20. Ra1 a4 21. Rac1 Nf8 22. Kg2
Nh7 23. f4 Rb8 24. Nd1 Nf8 25. Ne3 Ke7 26. Rf3 Rb7 1/2-1/2

[Event "CYCC U10"]
[Site "Quebec CAN"]
[Date "2018.07.04"]
[Round "5.113"]
[White "Ran, Sean"]
[Black "Liu, Aaron"]
[Result "0-1"]
[WhiteElo "1104"]
[BlackElo "1489"]
[PlyCount "112"]
[EventDate "2018.07.02"]
[EventType "swiss"]
[EventRounds "7"]
[EventCountry "CAN"]

1. e4 e5 2. Nf3 Nc6 3. Nc3 Nf6 4. Bb5 Bd6 5. d3 a6 6. Bc4 Bc5 7. Be3 Bb6 8. d4
exd4 9. Bxd4 Nxd4 10. Nxd4 d6 11. Nf3 O-O 12. e5 dxe5 13. Qxd8 Rxd8 14. Nxe5
Rf8 15. O-O-O Bxf2 16. Nxf7 g6 17. Rhf1 Be3+ 18. Kb1 Kg7 19. Rf3 Bc5 20. Ng5 b5
21. Bd5 Nxd5 22. Nxd5 Rxf3 23. gxf3 c6 24. Nf4 Be3 25. Nge6+ Kf6 26. Re1 Bxe6
27. Rxe3 Re8 28. b3 Bf7 29. Rc3 Re1+ 30. Kb2 Be8 31. Nd3 Rh1 32. Nb4 Rxh2 33.
Nxc6 Rd2 34. Nb8 Rd6 35. Re3 Bf7 36. Kc3 Be6 37. Rd3 Rxd3+ 38. cxd3 Bc8 39. d4
h5 40. Kd3 Bb7 41. Ke3 Ke7 42. d5 Kd6 43. Kf4 Kc7 44. Nxa6+ Bxa6 45. Kg5 Kd6
46. f4 Kxd5 47. f5 gxf5 48. Kxf5 h4 49. Kg4 Kc5 50. a3 Kd4 51. Kxh4 Kc3 52. Kg3
Kxb3 53. Kf3 Kxa3 54. Ke3 b4 55. Kd2 b3 56. Kc1 b2+ 0-1

[Event "CYCC U10"]
[Site "Quebec CAN"]
[Date "2018.07.04"]
[Round "5.114"]
[White "Yan, Alex Jikai"]
[Black "Morrison, Daniel"]
[Result "1-0"]
[WhiteElo "1482"]
[BlackElo "463"]
[PlyCount "37"]
[EventDate "2018.07.02"]
[EventType "swiss"]
[EventRounds "7"]
[EventCountry "CAN"]

1. e4 e5 2. Nf3 Nc6 3. Bc4 Nf6 4. d3 h6 5. Nc3 d6 6. h3 Be6 7. O-O a6 8. Re1
Be7 9. a3 O-O 10. Nd5 Nxd5 11. exd5 Bf5 12. dxc6 bxc6 13. Ba2 Kh8 14. g4 Bd7
15. Be3 Bh4 16. Qd2 Rb8 17. b4 f5 18. Bxh6 gxh6 19. Qxh6# 1-0

[Event "CYCC U10"]
[Site "Quebec CAN"]
[Date "2018.07.04"]
[Round "5.115"]
[White "Fan, Haoran"]
[Black "Darvekar, Yash"]
[Result "1/2-1/2"]
[WhiteElo "880"]
[BlackElo "1457"]
[PlyCount "85"]
[EventDate "2018.07.02"]
[EventType "swiss"]
[EventRounds "7"]
[EventCountry "CAN"]

1. e4 c5 2. Nf3 g6 3. Nc3 Nc6 4. d4 cxd4 5. Nxd4 Bg7 6. Be3 Nf6 7. f3 O-O 8.
Be2 Qb6 9. Nxc6 Qxc6 10. O-O d6 11. Qd2 Be6 12. a3 d5 13. e5 Nd7 14. f4 Rad8
15. Bd4 Nc5 16. Qe3 Ne4 17. Rad1 Nxc3 18. Qxc3 Qxc3 19. Bxc3 Bf5 20. Bd3 d4 21.
Bb4 Bxd3 22. Rxd3 Rfe8 23. Rfd1 e6 24. Rxd4 Rxd4 25. Rxd4 f6 26. Re4 fxe5 27.
fxe5 Rd8 28. Bd6 Bf8 29. Bxf8 Kxf8 30. Re2 Rd1+ 31. Kf2 Rb1 32. b3 Ke7 33. Rd2
b5 34. Ke3 Ra1 35. Kd4 Rxa3 36. Kc5 Ra5 37. Kb4 Ra1 38. Kxb5 Re1 39. Kc6 Ra1
40. Kb5 Re1 41. Ka6 Ra1+ 42. Kb5 Re1 43. Ka6 1/2-1/2

[Event "CYCC U10"]
[Site "Quebec CAN"]
[Date "2018.07.04"]
[Round "5.115"]
[White "Shan, Eric"]
[Black "Ripley, Sam"]
[Result "0-1"]
[WhiteElo "1068"]
[BlackElo "1411"]
[PlyCount "82"]
[EventDate "2018.07.02"]
[EventType "swiss"]
[EventRounds "7"]
[EventCountry "CAN"]

1. e4 c5 2. d4 cxd4 3. c3 dxc3 4. Nxc3 Nc6 5. Nf3 d6 6. Bb5 Nf6 7. e5 dxe5 8.
Qxd8+ Kxd8 9. Bxc6 bxc6 10. Nxe5 Ke8 11. Nxc6 Bb7 12. Na5 Bxg2 13. Rg1 Bh3 14.
Bg5 Rc8 15. Bxf6 exf6 16. O-O-O Bb4 17. Rge1+ Be6 18. Nb7 Ke7 19. f4 f5 20. Kb1
Bxc3 21. bxc3 Rb8 22. Ka1 Rxb7 23. Rb1 Rhb8 24. Rec1 Rxb1+ 25. Rxb1 Rxb1+ 26.
Kxb1 Kd6 27. Kc2 Kc5 28. a3 Kc4 29. Kb2 Kd3 30. Ka1 Ke4 31. c4 Bxc4 32. a4 Kxf4
33. h4 Kg4 34. a5 f4 35. a6 f3 36. h5 f2 37. Kb2 f1=Q 38. h6 gxh6 39. Ka3 Qb1
40. Ka4 Qb3+ 41. Ka5 Qa3# 0-1

[Event "CYCC U10"]
[Site "Quebec CAN"]
[Date "2018.07.04"]
[Round "5.117"]
[White "Wang, Zhixing (Daniel)"]
[Black "Zhang, Kevin"]
[Result "1-0"]
[WhiteElo "1127"]
[BlackElo "1838"]
[PlyCount "59"]
[EventDate "2018.07.02"]
[EventType "swiss"]
[EventRounds "7"]
[EventCountry "CAN"]

1. e4 e5 2. Nf3 Nc6 3. Bc4 Nf6 4. d3 Be7 5. O-O O-O 6. c3 h6 7. Re1 Bc5 8. d4
exd4 9. cxd4 Bb4 10. Nc3 Re8 11. e5 Nh7 12. a3 Bxc3 13. bxc3 d6 14. exd6 Rxe1+
15. Qxe1 cxd6 16. Bf4 Bg4 17. Qe3 d5 18. Ba2 Qd7 19. Re1 Nf6 20. Ne5 Qe7 21.
Nxg4 Nxg4 22. Qxe7 Nxe7 23. Rxe7 Kf8 24. Re1 Rc8 25. Bxd5 Rxc3 26. h3 Nf6 27.
Bxb7 Rxa3 28. Bd6+ Kg8 29. Bxa3 a5 30. d5 1-0

[Event "CYCC U10"]
[Site "Quebec CAN"]
[Date "2018.07.04"]
[Round "5.118"]
[White "Du, David"]
[Black "Lin, Leo"]
[Result "0-1"]
[WhiteElo "876"]
[BlackElo "1463"]
[PlyCount "78"]
[EventDate "2018.07.02"]
[EventType "swiss"]
[EventRounds "7"]
[EventCountry "CAN"]

1. e4 c5 2. Nf3 d6 3. d4 cxd4 4. Nxd4 Nf6 5. Nc3 a6 6. Be3 e5 7. Nb3 Be6 8. Nd2
Be7 9. Be2 O-O 10. O-O d5 11. exd5 Nxd5 12. Nxd5 Bxd5 13. Bf3 Bc6 14. a3 Qc7
15. Bxc6 Nxc6 16. Qg4 f5 17. Qc4+ Kh8 18. f3 Rad8 19. Nb3 Rf6 20. a4 Rg6 21. a5
Rf8 22. Rfe1 f4 23. Bb6 Qc8 24. Rad1 Qh3 25. Qf1 Rf5 26. Re2 Rh5 27. g4 fxg3
28. Qxh3 Rxh3 29. hxg3 Rgxg3+ 30. Rg2 Rxf3 31. Rd7 Rf7 32. Rxb7 Rxb3 33. cxb3
Bc5+ 34. Bxc5 Rxb7 35. Rf2 h6 36. Rf8+ Kh7 37. Rc8 Nxa5 38. Ra8 Nxb3 39. Rxa6
Nxc5 0-1

[Event "CYCC U10"]
[Site "Quebec CAN"]
[Date "2018.07.04"]
[Round "5.119"]
[White "Xu, Joey"]
[Black "Yuan, Henry"]
[Result "0-1"]
[WhiteElo "844"]
[BlackElo "1346"]
[PlyCount "112"]
[EventDate "2018.07.02"]
[EventType "swiss"]
[EventRounds "7"]
[EventCountry "CAN"]

1. e4 e6 2. d4 d5 3. e5 c5 4. c3 Nc6 5. Nf3 Qb6 6. a4 Na5 7. Be3 Qxb2 8. Nbd2
Qxc3 9. Be2 Nb3 10. Rb1 c4 11. O-O Nxd2 12. Bxd2 Qa3 13. Ra1 Qe7 14. Bc3 Nh6
15. Nd2 Bd7 16. Rb1 Bc6 17. Re1 a5 18. Nf1 g6 19. Ng3 Bg7 20. f4 O-O 21. Qc2
Qd7 22. Rf1 Bxa4 23. Qc1 Bb3 24. f5 Nxf5 25. Nxf5 exf5 26. e6 Qxe6 27. Qd2 a4
28. Bb4 Rfe8 29. Rfe1 Qe3+ 30. Qxe3 Rxe3 31. Ra1 Bxd4 32. Kh1 Bxa1 33. Rxa1
Rxe2 34. Bc3 Rae8 35. Kg1 R8e3 36. Bd4 Re1+ 37. Rxe1 Rxe1+ 38. Kf2 Rd1 39. Bc3
a3 40. Ke2 a2 41. g4 d4 42. gxf5 dxc3 43. fxg6 a1=Q 44. gxf7+ Kxf7 45. h4 Qb2+
46. Ke3 Qg2 47. h5 h6 48. Kf4 Rf1+ 49. Ke5 Qe2+ 50. Kd6 Rf5 51. Kc7 Rf6 52. Kb8
Qe7 53. Ka7 b5+ 54. Ka8 Rc6 55. Kb8 Qc7+ 56. Ka8 Ra6# 0-1

[Event "CYCC U10"]
[Site "Quebec CAN"]
[Date "2018.07.04"]
[Round "5.120"]
[White "Wang, Emil"]
[Black "Fan, Haoran"]
[Result "0-1"]
[WhiteElo "1193"]
[BlackElo "880"]
[PlyCount "112"]
[EventDate "2018.07.02"]
[EventType "swiss"]
[EventRounds "7"]
[EventCountry "CAN"]

1. e4 e5 2. Nf3 Nc6 3. Bc4 Bc5 4. d3 h6 5. Nc3 Nf6 6. O-O d6 7. h3 Be6 8. Bb3
Qd7 9. Be3 Bb6 10. Ne2 Bxe3 11. fxe3 O-O-O 12. c3 g5 13. Nxg5 hxg5 14. Rxf6
Bxh3 15. gxh3 Rxh3 16. Bxf7 Qg4+ 17. Kf2 Rh2+ 18. Ke1 Rh1+ 19. Rf1 Rxf1+ 20.
Kxf1 Qf3+ 21. Ke1 Qxf7 22. Kd2 d5 23. exd5 Qxd5 24. Kc2 Qf3 25. e4 g4 26. Qf1
Qxd3+ 27. Kc1 Qxe4 28. Qf2 Qf3 29. Qe1 e4 30. Ng3 e3 31. Kc2 Rd2+ 32. Kb3 Rg2
33. Nh5 Qf2 34. Qxf2 exf2 35. Rf1 Ne5 36. Nf4 Rh2 37. Kc2 g3 38. Kd2 g2 39.
Nxg2 Rxg2 40. Ke2 Kd7 41. Rxf2 Rxf2+ 42. Kxf2 Nd3+ 43. Ke3 Nxb2 44. Kd4 Kc6 45.
c4 b6 46. Kc3 Na4+ 47. Kb3 Nc5+ 48. Kc3 b5 49. Kb4 bxc4 50. Kxc4 Ne4 51. a3
Nd2+ 52. Kb4 Kb6 53. a4 a5+ 54. Kc3 Ne4+ 55. Kb3 Nc5+ 56. Kc4 Nxa4 0-1

[Event "CYCC U10"]
[Site "Quebec CAN"]
[Date "2018.07.04"]
[Round "5.121"]
[White "Qiu, James"]
[Black "Lin, Joey"]
[Result "1-0"]
[WhiteElo "1136"]
[BlackElo "800"]
[PlyCount "83"]
[EventDate "2018.07.02"]
[EventType "swiss"]
[EventRounds "7"]
[EventCountry "CAN"]

1. e4 c6 2. d4 d5 3. exd5 cxd5 4. c4 e6 5. Nc3 Nf6 6. a3 b6 7. Nf3 Bd6 8. Bg5
Bb7 9. cxd5 exd5 10. Bd3 O-O 11. O-O Nbd7 12. Qb3 Qc7 13. Nb5 Qb8 14. Nxd6 Qxd6
15. Bh4 Rfe8 16. Bg3 Qf8 17. Rac1 Rac8 18. Qa4 a5 19. Bb5 Rxc1 20. Rxc1 Rd8 21.
Bc7 Re8 22. Bxd7 Re2 23. Bxb6 Rxb2 24. Bxa5 Qd6 25. Bc8 Qf4 26. Re1 h5 27. Bxb7
Rxb7 28. Bd2 Qg4 29. Qa8+ Rb8 30. Qxb8+ Kh7 31. Qg3 g6 32. Qxg4 Nxg4 33. a4 Nf6
34. Re7 Kg8 35. a5 Kf8 36. a6 Nd7 37. Rxd7 Ke8 38. a7 Kxd7 39. a8=Q Ke6 40.
Qc6+ Kf5 41. Qxd5+ Kf6 42. Qe5# 1-0

[Event "CYCC U10"]
[Site "Quebec CAN"]
[Date "2018.07.04"]
[Round "5.124"]
[White "Beliveau, Mathieu"]
[Black "Luo, Zhiheng"]
[Result "1-0"]
[WhiteElo "1109"]
[BlackElo "754"]
[PlyCount "65"]
[EventDate "2018.07.02"]
[EventType "swiss"]
[EventRounds "7"]
[EventCountry "CAN"]

1. d4 d5 2. c4 c6 3. Nf3 e6 4. Nc3 Nf6 5. e3 dxc4 6. Bxc4 Nbd7 7. O-O Bb4 8. a3
Ba5 9. Qc2 O-O 10. e4 b5 11. Bd3 Bb6 12. e5 Nd5 13. Nxd5 exd5 14. Qxc6 Ba6 15.
Qxd5 Rc8 16. Bxb5 Bxb5 17. Qxb5 f6 18. e6 Nb8 19. d5 a6 20. Qb3 Rc5 21. Rd1 Rb5
22. Qc4 Rc5 23. Qe4 f5 24. Qd3 Qd6 25. Be3 Rb5 26. Bxb6 Rxb6 27. b4 Rd8 28.
Qxf5 Rb5 29. Qf7+ Kh8 30. e7 Nc6 31. e8=Q+ Rxe8 32. Qxe8+ Qf8 33. Qxf8# 1-0

[Event "CYCC U10"]
[Site "Quebec CAN"]
[Date "2018.07.04"]
[Round "5.126"]
[White "Mellon-Ruel, Olivier"]
[Black "Huang, Winston"]
[Result "0-1"]
[WhiteElo "936"]
[BlackElo "718"]
[PlyCount "112"]
[EventDate "2018.07.02"]
[EventType "swiss"]
[EventRounds "7"]
[EventCountry "CAN"]

1. d4 d5 2. Nf3 Nc6 3. e3 Nf6 4. Bd3 e6 5. Nbd2 Bd6 6. c4 Bd7 7. cxd5 exd5 8.
O-O O-O 9. e4 dxe4 10. Nxe4 Nxe4 11. Bxe4 Bg4 12. h3 Bh5 13. Bc2 Qd7 14. Qd3
Bg6 15. Qd2 Bxc2 16. Qxc2 Nb4 17. Qc3 Nd5 18. Qb3 Nb6 19. Qc2 Qc6 20. Qd3 Qc4
21. Rd1 Qxd3 22. Rxd3 Rfe8 23. b3 Re2 24. Re3 Rc2 25. a4 Bf4 26. Re1 Bxc1 27.
Rexc1 Rxc1+ 28. Rxc1 c6 29. Ne5 f6 30. Nc4 Nxc4 31. bxc4 Rd8 32. Rd1 c5 33. d5
Kf7 34. Re1 a6 35. Rb1 Rb8 36. Rd1 Rd8 37. f4 g6 38. g4 Rd6 39. Rf1 Rd8 40. g5
f5 41. Rb1 Rb8 42. Rb6 Ke7 43. Re6+ Kd7 44. Kf2 b5 45. cxb5 axb5 46. a5 b4 47.
Ke2 b3 48. a6 b2 49. a7 Ra8 50. Kd2 b1=Q 51. Kc3 Qb4+ 52. Kd3 Rxa7 53. h4 Ra3+
54. Kc2 Qc3+ 55. Kd1 Ra2 56. h5 Qa1# 0-1

[Event "CYCC U10"]
[Site "Quebec CAN"]
[Date "2018.07.04"]
[Round "6.129"]
[White "Huang, Ivan"]
[Black "Lin, Brenton"]
[Result "0-1"]
[WhiteElo "696"]
[BlackElo "822"]
[PlyCount "34"]
[EventDate "2018.07.02"]
[EventType "swiss"]
[EventRounds "7"]
[EventCountry "CAN"]

1. d4 Nf6 2. c4 g6 3. Nc3 Bg7 4. Nf3 O-O 5. Bf4 Nc6 6. e3 d6 7. h3 Re8 8. Bd3
e5 9. dxe5 dxe5 10. Bg3 e4 11. Be2 exf3 12. Bxf3 Qe7 13. O-O a6 14. Qe2 Bf5 15.
Rad1 Rad8 16. a3 Ne4 17. Nxe4 Bxe4 {...} 0-1

[Event "CYCC U10"]
[Site "Quebec CAN"]
[Date "2018.07.04"]
[Round "6.135"]
[White "Chen, Daniel"]
[Black "Zeng, Gordon"]
[Result "1-0"]
[WhiteElo "1019"]
[BlackElo "519"]
[PlyCount "51"]
[EventDate "2018.07.02"]
[EventType "swiss"]
[EventRounds "7"]
[EventCountry "CAN"]

1. d4 d5 2. c4 e6 3. Nf3 Nf6 4. Bg5 Be7 5. Bxf6 Bxf6 6. Nc3 O-O 7. e4 dxe4 8.
Nxe4 e5 9. dxe5 Be7 10. c5 Na6 11. Qxd8 Rxd8 12. Bxa6 bxa6 13. O-O Bf5 14. Rfe1
Bxe4 15. Rxe4 Bxc5 16. Rc1 f5 17. exf6 gxf6 18. Rxc5 Rab8 19. Rxc7 Rxb2 20. h3
Rb1+ 21. Kh2 f5 22. Re1 Rb2 23. Rxa7 Rc8 24. Rxa6 Rcc2 25. Ra7 Rxf2 26. Re8#
1-0

[Event "CYCC U10"]
[Site "Quebec CAN"]
[Date "2018.07.04"]
[Round "6.137"]
[White "Power, Colin"]
[Black "Imoo, Matthew"]
[Result "0-1"]
[WhiteElo "802"]
[BlackElo "429"]
[PlyCount "34"]
[EventDate "2018.07.02"]
[EventType "swiss"]
[EventRounds "7"]
[EventCountry "CAN"]

1. e4 e5 2. Nf3 Nc6 3. Bc4 Nf6 4. Ng5 d5 5. Nxf7 Kxf7 6. Bxd5+ Ke8 7. O-O Bg4
8. Qe1 Nd4 9. d3 Nxc2 10. Qa5 Nxa1 11. Qa4+ Qd7 12. Qa5 b5 13. Qe1 Rd8 14. Bb7
Bh3 15. gxh3 Qxh3 16. Qe2 Ng4 17. Bg5 Qxh2# 0-1